000 00342nam a2200133 a 4500
005 20141022142008.0
008 120228s19uu xx 00 eng d
050 _aDVD-ROM
_bSla1 2008
100 _aSlater, Jeffrey
245 _aPractical business math procedures /
_cJeffrey Slater.
250 _a9th ed.
260 _c2008.
942 _cAVM
999 _c276637
_d276637